Mikrobiologické problémy mrazených potravín

Bibliographic Details
Main Author: Arpai, Ján, 1917-1976 (Author)
Format: Article
Language:Slovak

MARC

LEADER 00000nab a2200000ua 4500
001 vtls010814351
003 SK-MaSNL
005 20260303114836.0
008 230127s1959 xo |||||||||||||||||slo|
035 |a (urnnbn)urn:nbn:sk:snk:ar-a04i12 
035 |a urn:nbn:sk:snk-ab5j7k 
035 |a (uuid)7d86c832-0eaf-4c73-a2dd-09757313c6e6 
040 |a SNKBUCL  |b slo  |c SNKBUCL  |e AACR2 
041 0 |a slo 
044 |a xo  |c SK 
100 1 |a Arpai, Ján,  |d 1917-1976  |4 aut  |9 61106 
245 1 0 |a Mikrobiologické problémy mrazených potravín  |c Arpai Ján 
773 0 |t Naša veda : časopis SAV  |g Roč. 6, č. 11 (1959), s. 481-486 
954 |a odborná, vedecká literatúra pôvodná (slovenská)  |2 lita 
958 |a OND 
958 |a EUIPO 
958 |a article5 
999 |c 1900843  |d 1902773